[Event "NOR-ch U16"]
[Site "Larvik"]
[Date "2019.07.07"]
[Round "3"]
[White "Kvendseth, Thyra"]
[Black "Hansen, Tor Magnus"]
[Result "1/2-1/2"]
[WhiteElo "1967"]
[BlackElo "1558"]
[PlyCount "140"]
[EventDate "2019.07.05"]
[EventType "swiss"]
[EventRounds "9"]
[EventCountry "NOR"]
[SourceTitle "EXT 2024"]
[Source "ChessBase"]
[SourceDate "2023.10.10"]
[SourceVersion "1"]
[SourceVersionDate "2023.10.10"]
[SourceQuality "1"]

1. d4 d5 2. c4 c6 3. e3 Nf6 4. Nf3 e6 5. Bd3 dxc4 6. Bxc4 b5 7. Be2 Bb7 8. Nbd2 Nbd7 9. 0-0 a6 10. e4 c5 11. e5 Nd5 12. Ne4 cxd4 13. Qxd4 Qb6 14. Qxb6 N5xb6 15. Ned2 Be7 16. Nb3 Nc4 17. Bxc4 bxc4 18. Nbd4 Bc5 19. Re1 Rd8 20. Bg5 Bxf3 21. Nxf3 Rc8 22. Rac1 h6 23. Bd2 Ke7 24. Re4 Rhd8 25. Ba5 Bb6 26. Bb4+ Ke8 27. g3 Nc5 28. Rexc4 Rd5 29. Nd4 Kd7 30. Nf3 Rc7 31. Rf4 Ke8 32. Rfc4 Kd7 33. Rg4 g6 34. Rh4 Nd3 35. Rxc7+ Bxc7 36. Bc3 Nxe5 37. Nxe5+ Bxe5 38. Bxe5 Rxe5 39. Kf1 h5 40. Ra4 a5 41. b4 axb4 42. Rxb4 Kc6 43. Rf4 f5 44. h4 Ra5 45. Rc4+ Kb5 46. Rc8 Ra6 47. Kg2 e5 48. Rc2 e4 49. Kf1 g5 50. hxg5 Rg6 51. Rc8 Rxg5 52. Rf8 e3 53. fxe3 Rxg3 54. Rxf5+ Kc4 55. Kf2 Rh3 56. Rf4+ Kd5 57. a4 Ke5 58. a5 Rh2+ 59. Kg3 Ra2 60. Rh4 Kf5 61. Rh2 Ra3 62. Rxh5+ Ke4 63. Kg4 Ra4 64. Rf5 Kxe3+ 65. Kg5 Ra1 66. Kf6 Kd4 67. Ke6 Kc4 68. Kd6 Kb4 69. Kc6 Rxa5 70. Rxa5 Kxa5 1/2-1/2

[Event "NOR-chT Club"]
[Site "Drammen"]
[Date "2019.05.30"]
[Round "5"]
[White "Hansen, Tor Magnus"]
[Black "Marthinussen, Emma Viktoria Lia"]
[Result "1-0"]
[WhiteElo "1535"]
[BlackElo "1469"]
[PlyCount "41"]
[EventDate "2019.05.30"]
[EventType "team-swiss"]
[EventRounds "6"]
[EventCountry "NOR"]
[SourceTitle "CBM 190 Extra"]
[Source "ChessBase"]
[SourceDate "2019.07.15"]
[SourceVersion "1"]
[SourceVersionDate "2019.07.15"]
[SourceQuality "1"]
[WhiteTeam "Kristiansand II"]
[BlackTeam "Konnerud"]
[WhiteTeamCountry "NOR"]
[BlackTeamCountry "NOR"]

1. b3 e5 2. Bb2 Nc6 3. e3 d5 4. Bb5 Bd6 5. f4 Qe7 6. Nf3 Bg4 7. h3 Bxf3 8. Qxf3 e4 9. Qg4 f6 10. Nc3 d4 11. exd4 a6 12. Bxc6+ bxc6 13. 0-0-0 Nh6 14. Qh5+ Nf7 15. Nxe4 Bxf4 16. Rde1 Kf8 17. Nc5 Qd6 18. Ne6+ Kg8 19. Rhf1 g6 20. Qf3 Ng5 21. Qxf4 1-0

[Event "Kragero Inv"]
[Site "Kragero"]
[Date "2018.03.25"]
[Round "4"]
[White "Skauen, Thomas Kirkholm"]
[Black "Hansen, Tor Magnus"]
[Result "0-1"]
[WhiteElo "1373"]
[BlackElo "1159"]
[PlyCount "114"]
[EventDate "2018.03.24"]
[EventType "swiss"]
[EventRounds "5"]
[EventCountry "NOR"]
[SourceTitle "EXT 2024"]
[Source "ChessBase"]
[SourceDate "2023.10.10"]
[SourceVersion "1"]
[SourceVersionDate "2023.10.10"]
[SourceQuality "1"]

1. e4 e6 2. d4 d5 3. exd5 exd5 4. Bd3 Nc6 5. c3 g6 6. Nf3 Bg7 7. 0-0 Nge7 8. Be3 0-0 9. Qc1 Nf5 10. Bxf5 Bxf5 11. Bh6 Re8 12. Bxg7 Kxg7 13. Nbd2 Qd6 14. Nb3 b6 15. Qd2 Re7 16. Rfe1 f6 17. Rxe7+ Nxe7 18. Re1 Bg4 19. Qe3 Nf5 20. Qe6 Bxf3 21. Qxd6 Nxd6 22. gxf3 Kf7 23. Kg2 Nc4 24. Re2 Re8 25. Rc2 Re1 26. Nc1 Nxb2 27. Rxb2 Rxc1 28. Rb5 c6 29. Rb3 Rc2 30. Ra3 a5 31. Rb3 b5 32. a4 bxa4 33. Ra3 h6 34. Rxa4 Rxc3 35. Rxa5 Rc4 36. Ra6 Ke6 37. Kf1 Kd6 38. Ra7 Rxd4 39. Rg7 g5 40. Rg6 Ke5 41. Rxh6 c5 42. Rh7 Ra4 43. Rf7 c4 44. Ke2 d4 45. Re7+ Kd6 46. Re4 Kd5 47. Kd2 Ra2+ 48. Kd1 c3 49. Re2 Rxe2 50. Kxe2 Kc4 51. f4 g4 52. f3 gxf3+ 53. Kxf3 c2 54. Kg4 c1Q 55. h4 Qc2 56. Kh5 Qh7+ 57. Kg4 d3 0-1